The world of the atom (Record no. 83260)
[ view plain ]
| 000 -LEADER | |
|---|---|
| fixed length control field | 00687nam a2200157 a 4500 |
| 008 - FIXED-LENGTH DATA ELEMENTS--GENERAL INFORMATION | |
| fixed length control field | 120416s1966 ||||||||||||||||| || u |
| 050 ## - LIBRARY OF CONGRESS CALL NUMBER | |
| Classification number | QC 173 Wor |
| 100 ## - MAIN ENTRY--PERSONAL NAME | |
| Personal name | Motz, Lloyd |
| 245 14 - TITLE STATEMENT | |
| Title | The world of the atom |
| Statement of responsibility, etc. | edited by Henry A Boorse |
| 260 ## - PUBLICATION, DISTRIBUTION, ETC. | |
| Place of publication, distribution, etc. | New York |
| Name of publisher, distributor, etc. | Basic Books |
| Date of publication, distribution, etc. | 1966 |
| 300 ## - PHYSICAL DESCRIPTION | |
| Extent | 2v. [xxvi, 1873p.] : ill |
| 350 ## - | |
| -- | 0.00 |
| 700 ## - ADDED ENTRY--PERSONAL NAME | |
| Personal name | Boorse, Henry Abraham |
| 995 ## - | |
| -- | ANNEX COLLECTION (Main Library) |
| -- | 0.00 |
| -- | 711627 |
| -- | CBU-MAIN LIBRARY (Kitwe) |
| -- | 2 |
| -- | 35.00 |
| -- | QC 173 Wor |
| -- | AVAILABLE |
| -- | 012776 |
| -- | Annex Low-Usage Collection |
| 995 ## - | |
| -- | ANNEX COLLECTION (Main Library) |
| -- | 0.00 |
| -- | 711628 |
| -- | CBU-MAIN LIBRARY (Kitwe) |
| -- | 1 |
| -- | 35.00 |
| -- | QC 173 Wor |
| -- | AVAILABLE |
| -- | 012777 |
| -- | Annex Low-Usage Collection |
| 999 ## - | |
| -- | 83260 |
| -- | 83260 |
| Withdrawn status | Lost status | Source of classification or shelving scheme | Damaged status | Not for loan | Permanent Location | Current Location | Shelving location | Date acquired | Total Checkouts | Full call number | Barcode | Date last seen | Copy number | Price effective from | Koha item type |
|---|---|---|---|---|---|---|---|---|---|---|---|---|---|---|---|
| CBU-MAIN LIBRARY, KITWE. | CBU-MAIN LIBRARY, KITWE. | 10/25/2023 | QC 173 Wor | 012776 | 10/25/2023 | 1 | 10/25/2023 | MONOGRAPH | |||||||
| CBU-MAIN LIBRARY, KITWE. | CBU-MAIN LIBRARY, KITWE. | 10/25/2023 | QC 173 Wor | 012777 | 10/25/2023 | 2 | 10/25/2023 | MONOGRAPH |